Score 0/20 Timer 04:00
0 Plays Today
Song Title Missing Word % Correct
A Hard Day's ____Night
91.9%
Angels ____ Hard to FindAre
90.5%
She Works Hard for the ____Money
89.4%
Love's a Hard ____ to PlayGame
88.5%
Life ____ HardIs
87%
____ Up Is Hard to DoBreaking
81.2%
____ Habits Die HardOld
80.7%
____ Help (Is So Hard to Find)Good
76%
Hard Headed ____Woman
72.2%
Hard as a ____Rock
68.7%
Song Title Missing Word % Correct
Don't Be So Hard On ____Yourself
68.4%
Hard ____ Life (Ghetto Anthem)Knock
62.7%
Go Hard to Go ____Home
53.3%
Don't ____ So HardTry
51.2%
No ____ But the Hard ____Way
36.8%
Hard ____ and a HammerHat
30.6%
Can't ____ Hard EnoughCry
29.4%
____ as HardTwice
24%
It's So Hard to Say Goodbye To ____Yesterday
23.8%
Hard for the ____Heart
21.7%

Today's Daily Dose

Remove Ads.
Support Sporcle.
Get the best of Sporcle when you Go Orange. This ad-free experience offers more features, more stats, and more fun while also helping to support Sporcle. Thank you for becoming a member.

You're not logged in!

Compare scores with friends on all Sporcle quizzes.
OR
Log In

Show Comments

Extras

Top Quizzes Today


Score Distribution

Your Account Isn't Verified!

In order to create a playlist on Sporcle, you need to verify the email address you used during registration. Go to your Sporcle Settings to finish the process.

Report this User

Report this user for behavior that violates our Community Guidelines.

Details: